000 00535nam a22002297a 4500
003 UA-OsUOA
001 61587
007 ta
008 20090707b un ||||| |||| 00| 0 ukr d
090 _a(038) 111
942 _cBK
040 _aUA-OsUOA
_beng
_cUA-OsUOA
_dUA-OsUOA
245 _aThe Marriam-Webster Dictionary
300 _a939 с.
955 _a2
041 _aeng
080 _a(038) 111
020 _a0-87779-930-X
260 _aMassachusetts
_bMerriam-Webster, Incorporated
_c2004
650 7 _2UDC
999 _c347216
_d347216